Analytical and Computational Methods of Advanced Engineering Mathematics / (Record no. 12089)
[ view plain ]
| 000 -LEADER | |
|---|---|
| fixed length control field | 01371cam a2200301 a 4500 |
| 001 - CONTROL NUMBER | |
| control field | 1655803 |
| 005 - DATE AND TIME OF LATEST TRANSACTION | |
| control field | 20080307141127.0 |
| 008 - FIXED-LENGTH DATA ELEMENTS--GENERAL INFORMATION | |
| fixed length control field | 971114s1998 nyua b 001 0 eng |
| 010 ## - LIBRARY OF CONGRESS CONTROL NUMBER | |
| LC control number | 97049494 |
| 020 ## - INTERNATIONAL STANDARD BOOK NUMBER | |
| International Standard Book Number | 0387982655 (alk. paper) |
| 040 ## - CATALOGING SOURCE | |
| Original cataloging agency | DLC |
| Transcribing agency | DLC |
| Modifying agency | DLC |
| 050 00 - LIBRARY OF CONGRESS CALL NUMBER | |
| Classification number | TA330 |
| Item number | .G87 1998 |
| 082 00 - DEWEY DECIMAL CLASSIFICATION NUMBER | |
| Classification number | 620.00151 |
| Edition number | 22 |
| Item number | GUS |
| 100 1# - MAIN ENTRY--PERSONAL NAME | |
| Personal name | Gustafson, Grant B. |
| 9 (RLIN) | 7148 |
| 245 10 - TITLE STATEMENT | |
| Title | Analytical and Computational Methods of Advanced Engineering Mathematics / |
| Remainder of title | Grant B. Gustafson, Calvin H. Wilcox. |
| 246 18 - VARYING FORM OF TITLE | |
| Title proper/short title | Advanced engineering mathematics |
| 260 ## - PUBLICATION, DISTRIBUTION, ETC. (IMPRINT) | |
| Place of publication, distribution, etc | New York : |
| Name of publisher, distributor, etc | Springer, |
| Date of publication, distribution, etc | c1998. |
| 300 ## - PHYSICAL DESCRIPTION | |
| Extent | xxii, 729 p. : |
| Other physical details | ill. ; |
| Dimensions | 24 cm. |
| 490 ## - Series Statement | |
| Series statement | Texts in applied mathematics ; |
| Volume/sequential designation | 28 |
| 504 ## - BIBLIOGRAPHY, ETC. NOTE | |
| Bibliography, etc | Includes bibliographical references (p. [709]-710) and index. |
| 650 #0 - SUBJECT ADDED ENTRY--TOPICAL TERM | |
| Topical term or geographic name as entry element | Engineering mathematics. |
| 9 (RLIN) | 7149 |
| 700 1# - ADDED ENTRY--PERSONAL NAME | |
| Personal name | Wilcox, Calvin H. |
| Fuller form of name | (Calvin Hayden) |
| 9 (RLIN) | 7150 |
| 856 42 - ELECTRONIC LOCATION AND ACCESS | |
| Materials specified | Publisher description |
| Uniform Resource Identifier | <a href="http://www.loc.gov/catdir/enhancements/fy0817/97049494-d.html">http://www.loc.gov/catdir/enhancements/fy0817/97049494-d.html</a> |
| 856 41 - ELECTRONIC LOCATION AND ACCESS | |
| Materials specified | Table of contents only |
| Uniform Resource Identifier | <a href="http://www.loc.gov/catdir/enhancements/fy0817/97049494-t.html">http://www.loc.gov/catdir/enhancements/fy0817/97049494-t.html</a> |
| 942 ## - ADDED ENTRY ELEMENTS (KOHA) | |
| Source of classification or shelving scheme | Dewey Decimal Classification |
| Item type | Book - Borrowing |
| Withdrawn status | Item status | Source of classification or shelving scheme | Damaged status | Not for loan | Vendor | Home library | Current library | Shelving location | Date acquired | Source of acquisition | Cost, normal purchase price | Total Checkouts | Full call number | Barcode | Date last seen | Koha item type |
|---|---|---|---|---|---|---|---|---|---|---|---|---|---|---|---|---|
| Dewey Decimal Classification | Alef-Baa | Central Library | Central Library | First floor | 29/06/2009 | 150.00 | 620.00151 GUS | 000017185 | 15/07/2025 | Book - Borrowing |